| 000 | 00517nam a2200169Ia 4500 | ||
|---|---|---|---|
| 003 | GCL | ||
| 008 | 140319s9999 xx 000 0 ara d | ||
| 040 |
_aGCL / _cGCL |
||
| 082 | 0 | 4 |
_aافلام ت _b23 |
| 100 | 1 | _aنبيهة لطفى | |
| 245 | 1 | 0 |
_aصلا من وحى مصر القديمة (12 دقيقة) / _cنبيهة لطفى |
| 260 |
_a[S.N] : _bالمركز القومى للسينما ، _c1972 |
||
| 490 | _a | ||
| 650 | 0 | 4 | _aشرائط فيديو |
| 650 | 0 | 4 | _aافلام تسجيلية |
| 942 |
_2ddc _cBK |
||
| 999 |
_c33756 _d33756 |
||